000 01705cam a22004097a 4500
003 CHAP
005 20220817043549.0
008 990722 1999 mx a r 00010 spa d
010 _a78593
011 _a79565
035 _a89828
040 _cCHAP
090 _aFolleto 15440
100 0 0 _aMartínez Alvarado, César Oscar.
_971801
245 0 _aDesarrollo sostenible del sistema agrosilvopastoril en el sur de Sinaloa :
_bpropuesta del proyecto INIFAP-UACH
_c/por César Oscar Martínez Alvarado (y otros)
260 _aMéxico, D.F. :
_bRed de Gestión de Recursos Naturales,
_c1999.
300 _a96 p. :
_bilus.
410 2 _aRed de Gestión de Recursos Naturales
490 0 _aEstudios de caso sobre participación campesina en generación, validación y transferencia de tecnología
590 _aBATCH-UPD
_b10
_c20130110
_lUCH01
_h0411
590 _aBATCH-UPD
_b10
_c20130110
_lUCH01
_h2023
590 _aBATCH-UPD
_b10
_c20130410
_lUCH01
_h0046
590 _aBATCH-UPD
_b10
_c20130410
_lUCH01
_h1524
590 _aBATCH-UPD
_b10
_c20130914
_lUCH01
_h0031
590 _aCONVERSION
_b10
_c20130109
_lUCH01
_h1344
650 1 4 _aAgricultura
_xSinaloa.
_91794
650 1 4 _aDesarrollo sustentable.
650 1 4 _aSilvicultura
_xSinaloa.
_9106126
650 1 4 _aSistemas agrosilvopascícolas.
_9106737
810 0 0 _aRed de Gestión de Recursos Naturales
_995346
830 0 0 _aEstudios de caso sobre participación campesina en generación, validación y transferencia de tecnología
_938519
901 _aBK
905 _aBlanca M. García O.
942 _cFOLL
949 _aFolleto 15440
_bBC
_cFOLL
_d898281
_eTS1
_i89828
_sb
949 _aFolleto 15440
_bBC
_cFOLL
_d898282
_eTS2
_fc.2
_gDonaciØn
_i89828
_sb
999 _c78593
_d78593